<?xml version="1.0" encoding="UTF-8"?>
<record
    xmlns:xsi="http://www.w3.org/2001/XMLSchema-instance"
    xsi:schemaLocation="http://www.loc.gov/MARC21/slim http://www.loc.gov/standards/marcxml/schema/MARC21slim.xsd"
    xmlns="http://www.loc.gov/MARC21/slim">

  <leader>00776nam a22001577a 4500</leader>
  <controlfield tag="003">OSt</controlfield>
  <controlfield tag="005">20151024140416.0</controlfield>
  <controlfield tag="008">151024b        xxu||||| |||| 00| 0 eng d</controlfield>
  <datafield tag="040" ind1=" " ind2=" ">
    <subfield code="c">RUA</subfield>
  </datafield>
  <datafield tag="082" ind1=" " ind2=" ">
    <subfield code="a">AVM VON 2012 B102 Or.1</subfield>
  </datafield>
  <datafield tag="100" ind1=" " ind2=" ">
    <subfield code="9">2783</subfield>
    <subfield code="a">VONG, CHANNEANG.</subfield>
  </datafield>
  <datafield tag="245" ind1=" " ind2=" ">
    <subfield code="a">Epidemiological survey on new castleand fowl pox disease of local chicken in borset district kompong speu province, &#x17A2;&#x1784;&#x17D2;&#x1780;&#x17C1;&#x178F;&#x1796;&#x17B8;&#x1780;&#x17B6;&#x179A;&#x179A;&#x17B6;&#x178F;&#x178F;&#x17D2;&#x1794;&#x17B6;&#x178F;&#x1796;&#x17B8;&#x1787;&#x17C6;&#x1784;&#x17BA;&#x178A;&#x1784;&#x17D2;&#x1780;&#x17C4;&#x1780;&#x17B6;&#x1785;&#x17CB; &#x1793;&#x17B7;&#x1784;&#x1787;&#x17C6;&#x1784;&#x17BA;&#x17A2;&#x17BB;&#x178F;&#x1780;&#x17D2;&#x178A;&#x17B6;&#x1798;&#x1791;&#x17C5;&#x179B;&#x17BE;&#x1796;&#x17BC;&#x1787;&#x1798;&#x17B6;&#x1793;&#x17CB;&#x1780;&#x17D2;&#x1793;&#x17BB;&#x1784;&#x179F;&#x17D2;&#x179A;&#x17BB;&#x1780; &#x1793;&#x17C5;&#x179F;&#x17D2;&#x179A;&#x17BB;&#x1780;&#x1794;&#x179F;&#x17C1;&#x178A;&#x17D2;&#x178B; &#x1781;&#x17C1;&#x178F;&#x17D2;&#x178A;&#x1780;&#x17C6;&#x1796;&#x1784;&#x17CB;&#x179F;&#x17D2;&#x1796;&#x17BA;</subfield>
  </datafield>
  <datafield tag="260" ind1=" " ind2=" ">
    <subfield code="a">Phnom Penh</subfield>
    <subfield code="b">RUA</subfield>
    <subfield code="c">2012</subfield>
  </datafield>
  <datafield tag="300" ind1=" " ind2=" ">
    <subfield code="a">x; 46p.</subfield>
    <subfield code="b">ill.</subfield>
    <subfield code="c">29cm.</subfield>
  </datafield>
  <datafield tag="942" ind1=" " ind2=" ">
    <subfield code="2">ddc</subfield>
    <subfield code="c">AVM</subfield>
  </datafield>
  <datafield tag="999" ind1=" " ind2=" ">
    <subfield code="c">2604</subfield>
    <subfield code="d">2604</subfield>
  </datafield>
  <datafield tag="952" ind1=" " ind2=" ">
    <subfield code="0">0</subfield>
    <subfield code="1">0</subfield>
    <subfield code="2">ddc</subfield>
    <subfield code="4">0</subfield>
    <subfield code="6">AVM_VON_2012_000000000000000_B102_OR_1</subfield>
    <subfield code="7">0</subfield>
    <subfield code="9">12106</subfield>
    <subfield code="a">LBB</subfield>
    <subfield code="b">LBB</subfield>
    <subfield code="c">B102</subfield>
    <subfield code="d">2015-10-24</subfield>
    <subfield code="l">3</subfield>
    <subfield code="o">AVM VON 2012 B102 Or.1</subfield>
    <subfield code="p">RUA009028</subfield>
    <subfield code="r">2017-02-03</subfield>
    <subfield code="s">2017-01-02</subfield>
    <subfield code="w">2015-10-24</subfield>
    <subfield code="y">AVM</subfield>
  </datafield>
  <datafield tag="952" ind1=" " ind2=" ">
    <subfield code="0">0</subfield>
    <subfield code="1">0</subfield>
    <subfield code="2">ddc</subfield>
    <subfield code="4">0</subfield>
    <subfield code="6">AVM_VON_2012_000000000000000_B102_OR_2</subfield>
    <subfield code="7">0</subfield>
    <subfield code="9">12107</subfield>
    <subfield code="a">LBB</subfield>
    <subfield code="b">LBB</subfield>
    <subfield code="c">B102</subfield>
    <subfield code="d">2015-10-24</subfield>
    <subfield code="l">1</subfield>
    <subfield code="o">AVM VON 2012 B102 Or.2</subfield>
    <subfield code="p">RUA020076</subfield>
    <subfield code="r">2017-02-08</subfield>
    <subfield code="s">2016-12-26</subfield>
    <subfield code="w">2015-10-24</subfield>
    <subfield code="y">AVM</subfield>
  </datafield>
  <datafield tag="952" ind1=" " ind2=" ">
    <subfield code="0">0</subfield>
    <subfield code="1">0</subfield>
    <subfield code="2">ddc</subfield>
    <subfield code="4">0</subfield>
    <subfield code="6">AVM_VON_2012_000000000000000_B102_OR_3</subfield>
    <subfield code="7">0</subfield>
    <subfield code="9">12108</subfield>
    <subfield code="a">LBB</subfield>
    <subfield code="b">LBB</subfield>
    <subfield code="c">B102</subfield>
    <subfield code="d">2015-10-24</subfield>
    <subfield code="o">AVM VON 2012 B102 Or.3</subfield>
    <subfield code="p">RUA020037</subfield>
    <subfield code="r">2015-10-24</subfield>
    <subfield code="w">2015-10-24</subfield>
    <subfield code="y">AVM</subfield>
  </datafield>
  <datafield tag="952" ind1=" " ind2=" ">
    <subfield code="0">0</subfield>
    <subfield code="1">0</subfield>
    <subfield code="2">ddc</subfield>
    <subfield code="4">0</subfield>
    <subfield code="6">AVM_VON_2012_000000000000000_B102_OR_4</subfield>
    <subfield code="7">0</subfield>
    <subfield code="9">12109</subfield>
    <subfield code="a">LBB</subfield>
    <subfield code="b">LBB</subfield>
    <subfield code="c">B102</subfield>
    <subfield code="d">2015-10-24</subfield>
    <subfield code="l">2</subfield>
    <subfield code="m">2</subfield>
    <subfield code="o">AVM VON 2012 B102 Or.4</subfield>
    <subfield code="p">RUA018855</subfield>
    <subfield code="r">2016-11-08</subfield>
    <subfield code="s">2016-10-18</subfield>
    <subfield code="w">2015-10-24</subfield>
    <subfield code="y">AVM</subfield>
  </datafield>
  <datafield tag="952" ind1=" " ind2=" ">
    <subfield code="0">0</subfield>
    <subfield code="1">0</subfield>
    <subfield code="2">ddc</subfield>
    <subfield code="4">0</subfield>
    <subfield code="6">AVM_VON_2012_000000000000000_B102_OR_5</subfield>
    <subfield code="7">0</subfield>
    <subfield code="9">12110</subfield>
    <subfield code="a">LBB</subfield>
    <subfield code="b">LBB</subfield>
    <subfield code="c">B102</subfield>
    <subfield code="d">2015-10-24</subfield>
    <subfield code="o">AVM VON 2012 B102 Or.5</subfield>
    <subfield code="p">RUA018948</subfield>
    <subfield code="r">2015-10-24</subfield>
    <subfield code="w">2015-10-24</subfield>
    <subfield code="y">AVM</subfield>
  </datafield>
  <datafield tag="952" ind1=" " ind2=" ">
    <subfield code="0">0</subfield>
    <subfield code="1">0</subfield>
    <subfield code="2">ddc</subfield>
    <subfield code="4">0</subfield>
    <subfield code="6">AVM_VON_2012_000000000000000_B102_OR_6</subfield>
    <subfield code="7">0</subfield>
    <subfield code="9">12111</subfield>
    <subfield code="a">LBB</subfield>
    <subfield code="b">LBB</subfield>
    <subfield code="c">B102</subfield>
    <subfield code="d">2015-10-24</subfield>
    <subfield code="l">1</subfield>
    <subfield code="m">2</subfield>
    <subfield code="o">AVM VON 2012 B102 Or.6</subfield>
    <subfield code="p">RUA019597</subfield>
    <subfield code="r">2016-08-24</subfield>
    <subfield code="s">2016-06-14</subfield>
    <subfield code="w">2015-10-24</subfield>
    <subfield code="y">AVM</subfield>
  </datafield>
</record>
